000 00461nam a2200133Ia 4500
008 100328s9999 xx 000 0 und d
082 _b38938
100 _aतांबे नरेन
245 _aअजब दुनिया अफाट माणसे
260 _bचेतश्री
630 _aअजब दुनिया अफाट माणसे
730 _aअजब दुनिया अफाट माणसे
942 _cBOOK
999 _c528010
_d528007